|
|
|
|
| LEADER |
00000naa a2200000uu 4500 |
| 001 |
vtls011087004 |
| 003 |
SK-MaSNL |
| 005 |
20260302145811.0 |
| 008 |
210910|1997 xo |||||||||||||||||slo| |
| 015 |
|
|
|a SNBRA
|
| 035 |
|
|
|a (urnnbn)urn:nbn:sk:snk:ar-a0cn8z
|
| 035 |
|
|
|a (uuid)5fc3da08-01a3-4aa2-9ac3-2451495f1fd4
|
| 035 |
|
|
|a urn:nbn:sk:snk-aavt3c
|
| 040 |
|
|
|a SNKBUCL
|b slo
|c SNKBUCL
|e AACR2
|
| 041 |
0 |
|
|a slo
|
| 044 |
|
|
|a xo
|c SK
|
| 100 |
1 |
|
|a Driensky, Dušan,
|d 1928-2013
|4 aut
|9 109897
|
| 245 |
1 |
0 |
|a Príprava učiteľov odborných technických predmetov na prahu nového tisícročia
|c Dušan Driensky
|
| 650 |
0 |
7 |
|a odborné technické predmety
|2 SNKPH
|9 838305
|
| 650 |
0 |
7 |
|a vzdelávanie učiteľov
|2 SNKPH
|9 4031
|
| 655 |
|
7 |
|a štúdie
|2 SNKPH
|9 57033
|
| 773 |
0 |
|
|t Výchova a vzdelávanie na prahu nového tisícročia
|d Bratislava : Pedagogická fakulta Univerzity Komenského, 1997
|g S. 134-138
|z 8088868270
|
| 958 |
|
|
|a OND
|
| 958 |
|
|
|a chapter
|
| 958 |
|
|
|a article12
|
| 999 |
|
|
|c 1355667
|d 1357597
|